00759nam a2200169 i 45000010005000000030009000050050017000140080041000312450203000722600039002753000022003144900034003366500081003706500081004518300034005328520023005663661ES-MaACL20250902073144.0200218s1966 sp |||| | spa d00aSiderometalurgia b: Reglamentación Nacional de Trabajo en la industria siderometalurgica, Reglamentación Nacional de Trabajo en la industria metalgrafica y de construccion de envases metalicos. aMadrid : bGarcia Enciso, c[1966] a380 p. ; c16 cm.1 a"Colección García Enciso" 4aTrabajadores de la industria siderúrgica-xEstatuto jurídico-zEspaña. 4aTrabajadores de la industria metalúrgica-xEstatuto jurídico-zEspaña.00aColección "García Enciso" aES-MaACLjP-1332-6